Reverse osmosis.

Saved in:
書目詳細資料
主要作者: Kucera, Jane (Author)
格式: 未知
出版: Hoboken, USA: Wiley & Sons, Inc.; Scrivener Publishing LLC, 2023.
版:3rd Edition.
主題:
標簽: 添加標簽
沒有標簽, 成為第一個標記此記錄!

MARC

LEADER 00000 a2200000 4500
003 CL-VaPUC
005 20240418101711.0
008 240416t2023 ||||| |||| 00| 0 eng d
999 |c 443464  |d 443462 
020 |a 978-1119724742 
040 |c Pontificia Universidad Católica de Valparaíso 
082 7 |2 22  |a 628.16744 KUC 2023 
100 |a Kucera, Jane   |9 888212  |e author 
245 |a Reverse osmosis.  
250 |a 3rd Edition.  
260 |a Hoboken, USA:  |b Wiley & Sons, Inc.;  |b Scrivener Publishing LLC,  |c 2023. 
300 |a xxiv, 642 páginas.  
583 |k GC  |c 20240416 
650 |a Agua   |x Purificación   |x Proceso ósmosis inversa   |9 888363 
650 |a Abastecimiento de agua industrial  |9 888364 
942 |2 ddc  |c BK 
952 |0 0  |1 0  |2 ddc  |4 0  |6 628_167440000000000_KUC_2023  |7 0  |8 A  |9 594065  |a BIBALI  |b BIBALI  |d 2024-04-16  |e 1  |g 233405.00  |i 5660699  |l 1  |o 628.16744 KUC 2023  |p 5660699  |r 2025-03-19  |s 2025-03-13  |t 1  |v 233405.00  |w 2024-04-16  |y BK  |k ALI